00699cam a22002411 4500001001300000003000400013005001700017008004100034010001700075025001900092035002000111040001800131042001200149050002000161100002500181245005900206250003200265260006400297300001900361504003200380650002800412999001700440ne 64001560 DLC20260227111801.0900516s1963 ua b 000 0 arar  ane 64001560  aPL480:UAR-4284 a(OCoLC)21545149 aDLCcWaUdDLC apremarc00aP121b.A54 19631 aAnīs, Ibrāhīm.10aDalālat al-alfāẓ,ctaʼlīf Ibrāhīm Anīs. aal-Ṭabʻah al-thāniyah. a[al-Qāhirah]bMaktabat al-Anjlū al-Miṣrīyah,c1963. a267 p.c24 cm. aBibliography: p. [252]-257. 0aLanguage and languages. c47153d47153